000 00756nab a2200241 u 4500
001 17186
003 HDC
007 cr bn ---aaaaa
008 210223c mydr|noo 0 a may d
040 _aHDC
245 0 _aUsaha kita jadi pengeluar makanan halal dunia gagal?
260 _aMalaysia :
_bUtusan Malaysia,
_c2003
336 _atext
_2rdacontent
337 _acomputer
_2rdamedia
338 _aonline resource
_2rdacarrier
650 _ahalal food
650 _ahalal hub
710 _aUtusan Malaysia
856 _zRequest full-text at [email protected]
942 _2lcc
942 _cNEWS
942 _kNWSO 008579
999 _c14502
_d14502